00289nam a2200121Ia 4500008004100000082001300041100001700054245004100071250000800112260002300120300000800143650001600151191201s2004 xx 000 0 und d a005.1GHE aGHEZZI,Carlo 0aFundamentals of Software Engineering a2nd aN.DelhibPHIc2004 a604 aB.Tech(CSE)